Stoienovaia pevichka, ili raiskii angel
Salvato in:
| Autori principali: | , |
|---|---|
| Natura: | Libro |
| Lingua: | russo |
| Pubblicazione: |
Moscú
Hyperion
2005
|
| Serie: | Terra Nipponica, 8
|
| Soggetti: | |
| Tags: |
Aggiungi Tag
Nessun Tag, puoi essere il primo ad aggiungerne!!
|
MARC
| LEADER | 00000nam a2200000 a 4500 | ||
|---|---|---|---|
| 001 | UCK6255 | ||
| 003 | CL-VaPUC | ||
| 008 | 050909e20050000ru |||||||||||||||||rus|d | ||
| 020 | |a 5893321154 | ||
| 082 | 0 | 4 | |a 895.603 |b SUE |2 21 |
| 100 | 0 | |a Suenaga, Naomi |e author |9 495332 | |
| 700 | 0 | |a Redko-Dobrovolskaya, Tatiana |e author |9 495333 | |
| 245 | 1 | 0 | |a Stoienovaia pevichka, ili raiskii angel |
| 300 | |a 349 p | ||
| 942 | |c BK | ||
| 945 | |d 20050909 00:00:00 |a jcarroza | ||
| 260 | |a Moscú |b Hyperion |c 2005 | ||
| 650 | 0 | |a Literatura japonesa |9 266543 | |
| 650 | 7 | |a NOVELAS JAPONESAS |2 CL-VaPUC |9 495334 | |
| 583 | |a last modification |c 20171017 03:27:50 |k Rodrigo Vera | ||
| 490 | 0 | |a Terra Nipponica, 8 | |
| 999 | |c 314555 |d 314553 | ||
| 952 | |0 0 |1 0 |4 0 |6 895_603000000000000_SUE_2005 |7 0 |8 A |9 386945 |a BIBGIM |b BIBGIM |d 2019-11-22 |i 4159055 |o 895.603 SUE 2005 |p 4159055 |r 2025-01-15 |w 2019-11-22 |y BK |k ORI | ||